Educational psychology / (Record no. 140482)
[ view plain ]
| 000 -LEADER | |
|---|---|
| fixed length control field | 00905nam a22003137a 4500 |
| 005 - DATE AND TIME OF LATEST TRANSACTION | |
| control field | 20260410114832.0 |
| 008 - FIXED-LENGTH DATA ELEMENTS--GENERAL INFORMATION | |
| fixed length control field | 260410m20252012|||||||| |||| 00| 0 eng d |
| 020 ## - INTERNATIONAL STANDARD BOOK NUMBER | |
| International Standard Book Number | 9781394267323 |
| 020 ## - INTERNATIONAL STANDARD BOOK NUMBER | |
| International Standard Book Number | 9781394267316 |
| 040 ## - CATALOGING SOURCE | |
| Transcribing agency | PK-LaUMT |
| 082 ## - DEWEY DECIMAL CLASSIFICATION NUMBER | |
| Classification number | 370.15 |
| Item number | EDU- |
| 245 00 - TITLE STATEMENT | |
| Title | Educational psychology / |
| Statement of responsibility, etc | by Angela O'Donnell . . . [et al.] |
| 250 ## - EDITION STATEMENT | |
| Edition statement | 4th ed. |
| 260 ## - PUBLICATION, DISTRIBUTION, ETC. (IMPRINT) | |
| Place of publication, distribution, etc | Brisbane : |
| Name of publisher, distributor, etc | John Wiley & Sons, |
| Date of publication, distribution, etc | 2025 |
| 300 ## - PHYSICAL DESCRIPTION | |
| Extent | xi, 639 p. |
| 500 ## - GENERAL NOTE | |
| General note | Index present |
| 546 ## - LANGUAGE NOTE | |
| Language note | Eng |
| 650 ## - SUBJECT ADDED ENTRY--TOPICAL TERM | |
| Topical term or geographic name as entry element | Educational psychology |
| 700 1# - ADDED ENTRY--PERSONAL NAME | |
| Personal name | O'Donnell, Angela |
| 700 1# - ADDED ENTRY--PERSONAL NAME | |
| Personal name | Reeve, Johnmarshall |
| 700 1# - ADDED ENTRY--PERSONAL NAME | |
| Personal name | Smith, Jeffrey K. |
| 700 1# - ADDED ENTRY--PERSONAL NAME | |
| Personal name | Dobozy, Eva |
| 700 1# - ADDED ENTRY--PERSONAL NAME | |
| Personal name | Nagel, Michael C |
| 700 1# - ADDED ENTRY--PERSONAL NAME | |
| Personal name | Bartlett, Brendan |
| 700 1# - ADDED ENTRY--PERSONAL NAME | |
| Personal name | Smala, Simone |
| 700 1# - ADDED ENTRY--PERSONAL NAME | |
| Personal name | Wormald, Catherine |
| 700 1# - ADDED ENTRY--PERSONAL NAME | |
| Personal name | Yates, Gregory |
| 942 ## - ADDED ENTRY ELEMENTS (KOHA) | |
| Koha item type | Books |
| Withdrawn status | Lost status | Damaged status | Home library | Current library | Date acquired | Full call number | Barcode | Date last seen | Price effective from | Koha item type |
|---|---|---|---|---|---|---|---|---|---|---|
| UMT Main Campus | UMT Main Campus | 2026-04-10 | 370.15 EDU- | 152328 | 2026-04-10 | 2026-04-10 | Books |
